| 000 | 00542nam a2200193 i 4500 | ||
|---|---|---|---|
| 001 | bgj | ||
| 245 | 1 | 0 |
_aDeutsche Sprache : _bSonderdruck. _cRainer Rath. _nHeft 3/1975 / |
| 246 | 1 | _a"Doch" - eine Studie zur Syntax und zur komunnikativen Funktion einer Partikel. | |
| 260 |
_bErich Schmidt Verlag, _c1975. |
||
| 300 |
_aS. 222-242 ; _c24 cm. |
||
| 650 | 9 | _aJęzykoznawstwo | |
| 700 | 1 | _aRATH, Rainer. | |
| 040 | _cBPK | ||
| 041 | 0 | _ager | |
| 044 | _aDEU | ||
| 080 | _a81'1 | ||
| 942 | _cKS | ||
| 008 | s gw f |000 0 ger | ||
| 999 |
_c49937 _d49937 |
||